| 000 | 00556cab a2200217 4500 | ||
|---|---|---|---|
| 001 | ABS53345 | ||
| 008 | 090401t1995 xxu||||| |||| 00| 0 eng d | ||
| 035 | _a(Sirsi) u3661 | ||
| 041 | _aeng | ||
| 100 | _aRadgick, J. | ||
| 245 | _aIs a nod as good as a wink? | ||
| 260 | _c1995 | ||
| 350 | _a0 | ||
| 490 |
_aEstates Gazette _v(9534) 26 August 1995, 30(1) |
||
| 520 | _aOutlines the possible pitfalls associated with auctions. | ||
| 650 | _aAUCTIONEERS | ||
| 650 | _aBIDDERS | ||
| 690 |
_aAuctioneering _96218 |
||
| 942 | _n0 | ||
| 948 | _c04/03/1997 | ||
| 999 |
_c2249 _d2249 |
||